| Поле | Инд. | ПП | Название | Значение |
|---|---|---|---|---|
| Тип записи | a | |||
| Библиографический уровень | m | |||
| 001 | Контрольный номер | bfb041d2351344a988417fc624e99d93 | ||
| 005 | Дата корректировки | 20200422102931.7 | ||
| 008 | Кодируемые данные | 160404|||||||||ru |||||||||||||||||rus|| | ||
| 041 | 0_ | a | Код языка текста | rus |
| 084 | a | Индекс другой классификации/Индекс ББК | 94+28.082 | |
| 090 | a | Полочн. индекс | 94 | |
| x | Авторский знак | П 64 | ||
| 100 | 1_ | a | Автор | Потютко О. М. |
| 245 | 10 | a | Заглавие | Особенности формирования сообществ прибойно-ледовых зон и их экология на примере Куршского залива |
| b | Продолж. заглавия | автореф. дис. ... канд. биол. наук : 03.02.10 | ||
| c | Ответственность | ФГБОУ ВПО "Калинингр. гос. техн. ун-т" | ||
| 260 | a | Место издания | Москва | |
| c | Дата издания | 2016 | ||
| 300 | a | Объем | 24 с. | |
| b | Иллюстрации/ тип воспроизводства | ил. | ||
| 504 | a | Библиография | Библиогр.: с. 24 | |
| 650 | 04 | a | Основная рубрика | Гидробиология-Куршский залив-Авторефераты диссертаций |
| 651 | _4 | a | Географическое наименование | Куршский залив |
| 653 | 0_ | a | Ключевые слова | Авторефераты диссертаций; Гидробиология; Зообентос; Макрозообентос; Экология водных ресурсов; Экосистемы водные; Экосистемы морские |
| 901 | t | Тип документа | r |